| 000 | 00578nam a22001697a 4500 | ||
|---|---|---|---|
| 003 | SISC | ||
| 005 | 20160822153514.0 | ||
| 008 | 160822b xxu||||| |||| 00| 0 eng d | ||
| 020 | _a9789719654148 | ||
| 050 |
_aHD 6961.P6 _b.C183 2015 |
||
| 100 | _aCamilar-Serrano, Angelita Ong. | ||
| 245 |
_aLabor relations management and negotiations / _cAngelita Ong Camilar-Serrano. |
||
| 260 |
_aManila : _bUnlimited Books Library Services & Publishing Inc., _c2015. |
||
| 300 |
_axiv, 464 pages ; _c25 cm. |
||
| 500 | _aIncludes bibliographical references and index. | ||
| 942 |
_2lcc _cBK |
||
| 999 |
_c300749 _d300749 |
||